000 00375nam a2200157Ia 4500
008 221030s9999 xx 000 0 und d
020 _a8174932445
041 _aEnglish
082 _a105.23
_bTay
100 _aD. C. Tayal
245 0 _aNuclear Physics (In S. I. Units)
260 _bHimalaya Pub House
_aNew Delhi
_c1997
300 _a679
650 _aPhysics
942 _cBK
999 _c278
_d278